Estatísticas para Países Que Produzem Mais Queijo

Clique aqui para jogar o quiz

Estatísticas Gerais

  • Esse quiz foi jogado 6 581 vezes
  • A pontuação média é 13 de 20

Estatísticas das Respostas

Toneladas MétricasPaís% Correto
6.32 mEstados Unidos
94%
1.74 mFrança
93%
1.21 mItália
91%
2.42 mAlemanha
84%
0.702 mRússia
84%
0.306 mEspanha
83%
0.593 mCanadá
81%
0.444 mArgentina
78%
0.470 mReino Unido
72%
0.377 mAustrália
66%
0.953 mPaíses Baixos
63%
0.743 mPolônia
56%
0.250 mÁustria
50%
0.457 mDinamarca
46%
0.274 mIrlanda
45%
0.380 mNova Zelândia
45%
0.245 mTurquia
43%
0.607 mEgito
37%
0.308 mIrão
28%
0.235 mVenezuela
14%

Distribuição das Pontuações

Percentil de Números Respondidos

Porcentagem de Pessoas com Cada Pontuação

Sua Pontuação Histórica

Você não jogou esse quiz